000 00300nam a22001337a 4500
008 181016b xxu||||| |||| 00| 0 eng d
020 _a9780135129043
041 _aeng
080 _23rd
_a340
100 _a15
101 _aSHJJ
245 _aMedical Law and Ethics
_cFremgen,B.F
942 _2udc
_cBK
999 _c49855
_d49855